Constitutions of the countries of the world; (Record no. 9995)
[ view plain ]
| 000 -LEADER | |
|---|---|
| fixed length control field | 02232nac a22005051u 4500 |
| 010 ## - LIBRARY OF CONGRESS CONTROL NUMBER | |
| LC control number | 76141327 |
| 020 ## - INTERNATIONAL STANDARD BOOK NUMBER | |
| International Standard Book Number | 9780379004670 |
| 022 ## - INTERNATIONAL STANDARD SERIAL NUMBER | |
| International Standard Serial Number | 0379004674 |
| 082 00 - DEWEY DECIMAL CLASSIFICATION NUMBER | |
| Classification number | 342.02305 |
| Item number | CON |
| 090 ## - LOCALLY ASSIGNED LC-TYPE CALL NUMBER (OCLC); LOCAL CALL NUMBER (OCLC) | |
| -- | 9995 |
| -- | 9995 |
| 100 ## - MAIN ENTRY--PERSONAL NAME | |
| Personal name | 20080729 |
| 245 00 - TITLE STATEMENT | |
| Title | Constitutions of the countries of the world; |
| Remainder of title | a series of updated texts, constitutional chronologies and annotated bibliographies. |
| Statement of responsibility, etc | Edited by A.P. Blaustein and G.H. Flanz. |
| 250 ## - EDITION STATEMENT | |
| Edition statement | Permanent ed. |
| 260 ## - PUBLICATION, DISTRIBUTION, ETC. (IMPRINT) | |
| Place of publication, distribution, etc | Dobbs Ferry, N.Y., |
| Name of publisher, distributor, etc | Oceana Publications |
| Date of publication, distribution, etc | [1971- |
| 300 ## - PHYSICAL DESCRIPTION | |
| Extent | 20 v. (loose-leaf) |
| Dimensions | 28 cm. |
| 500 ## - GENERAL NOTE | |
| General note | The English translations of some of the constitutions are accompanied by the original texts. |
| 500 ## - GENERAL NOTE | |
| General note | Includes unnumbered supplement volume and Historic constitutions volumes. |
| 500 ## - GENERAL NOTE | |
| General note | Donations. |
| 500 ## - GENERAL NOTE | |
| General note | Donations : AUC Library. |
| 504 ## - BIBLIOGRAPHY, ETC. NOTE | |
| Bibliography, etc | Includes bibliographies. |
| 511 ## - PARTICIPANT OR PERFORMER NOTE | |
| Participant or performer note | Catalogued By: Mahitab. |
| 650 #0 - SUBJECT ADDED ENTRY--TOPICAL TERM | |
| Topical term or geographic name as entry element | Constitutions. |
| 700 1# - ADDED ENTRY--PERSONAL NAME | |
| Personal name | Blaustein, Albert P., |
| Dates associated with a name | 1921- |
| 700 1# - ADDED ENTRY--PERSONAL NAME | |
| Personal name | Flanz, Gisbert H. |
| 942 ## - ADDED ENTRY ELEMENTS (KOHA) | |
| Item type | NB - Book (Non borrowing) |
| Call number prefix | 342.02305CON |
| Withdrawn status | Item status | Source of classification or shelving scheme | Damaged status | Not for loan | Home library | Current library | Shelving location | Date acquired | Source of acquisition | Total Checkouts | Full call number | Barcode | Date last seen | Koha item type | Materials specified (bound volume or other part) | Vendor |
|---|---|---|---|---|---|---|---|---|---|---|---|---|---|---|---|---|
| Dewey Decimal Classification | Central Library | Central Library | First floor | 20/07/2008 | Purchase | 342.02305CON | 000013121 | 18/08/2021 | NB - Book (Non borrowing) | |||||||
| Dewey Decimal Classification | Central Library | Central Library | First floor | 20/07/2008 | Purchase | 342.02305CON | 000013120 | 18/08/2021 | NB - Book (Non borrowing) | |||||||
| Central Library | Central Library | First floor | 20/07/2008 | Purchase | 342.02305CON | 000013108 | 18/08/2021 | NB - Book (Non borrowing) | Lost In Inventory_2015-8-23 | |||||||
| Dewey Decimal Classification | Central Library | Central Library | First floor | 20/07/2008 | Purchase | 342.02305CON | 000013109 | 18/08/2021 | NB - Book (Non borrowing) | |||||||
| Dewey Decimal Classification | Central Library | Central Library | First floor | 20/07/2008 | Purchase | 342.02305 CON | 000013119 | 18/08/2021 | NB - Book (Non borrowing) | Baccah | ||||||
| Dewey Decimal Classification | Central Library | Central Library | First floor | 20/07/2008 | Purchase | 342.02305CON | 000013118 | 18/08/2021 | NB - Book (Non borrowing) | |||||||
| Dewey Decimal Classification | Central Library | Central Library | First floor | 20/07/2008 | Purchase | 342.02305CON | 000013117 | 18/08/2021 | NB - Book (Non borrowing) | |||||||
| Dewey Decimal Classification | Central Library | Central Library | First floor | 20/07/2008 | Purchase | 342.02305CON | 000013110 | 18/08/2021 | NB - Book (Non borrowing) | |||||||
| Dewey Decimal Classification | Central Library | Central Library | First floor | 20/07/2008 | Purchase | 342.02305CON | 000013116 | 18/08/2021 | NB - Book (Non borrowing) | |||||||
| Dewey Decimal Classification | Central Library | Central Library | First floor | 20/07/2008 | Purchase | 342.02305CON | 000013111 | 18/08/2021 | NB - Book (Non borrowing) | |||||||
| Dewey Decimal Classification | Central Library | Central Library | First floor | 20/07/2008 | Purchase | 342.02305CON | 000013732 | 18/08/2021 | NB - Book (Non borrowing) | |||||||
| Dewey Decimal Classification | Central Library | Central Library | First floor | 20/07/2008 | Purchase | 342.02305CON | 000013721 | 18/08/2021 | NB - Book (Non borrowing) | |||||||
| Dewey Decimal Classification | Central Library | Central Library | First floor | 20/07/2008 | Purchase | 342.02305CON | 000013731 | 18/08/2021 | NB - Book (Non borrowing) | |||||||
| Dewey Decimal Classification | Central Library | Central Library | First floor | 20/07/2008 | Purchase | 342.02305CON | 000013730 | 18/08/2021 | NB - Book (Non borrowing) | Baccah | ||||||
| Dewey Decimal Classification | Central Library | Central Library | First floor | 20/07/2008 | Purchase | 342.02305CON | 000013729 | 18/08/2021 | NB - Book (Non borrowing) | |||||||
| Dewey Decimal Classification | Central Library | Central Library | First floor | 20/07/2008 | Purchase | 342.02305CON | 000013728 | 18/08/2021 | NB - Book (Non borrowing) | |||||||
| Lost | Central Library | Central Library | First floor | 20/07/2008 | Purchase | 342.02305CON | 000013727 | 25/07/2010 | NB - Book (Non borrowing) | Lost In Inventory_2015-8-23 | ||||||
| Dewey Decimal Classification | Central Library | Central Library | First floor | 20/07/2008 | Purchase | 342.02305CON | 000013726 | 18/08/2021 | NB - Book (Non borrowing) | |||||||
| Dewey Decimal Classification | Central Library | Central Library | First floor | 20/07/2008 | Purchase | 342.02305CON | 000013112 | 18/08/2021 | NB - Book (Non borrowing) | |||||||
| Dewey Decimal Classification | Central Library | Central Library | First floor | 20/07/2008 | Purchase | 342.02305CON | 000013722 | 18/08/2021 | NB - Book (Non borrowing) |